Características de la estructura ocupacional en la Región NEA en el período 2003-2006 (Registro nro. 34644)

Detalles MARC
000 -LEADER
fixed length control field 00398 a2200109 4500
001 - CONTROL NUMBER
control field ART_45073
005 - DATE AND TIME OF LATEST TRANSACTION
control field 20260410162038.0
008 - FIXED-LENGTH DATA ELEMENTS--GENERAL INFORMATION
fixed length control field 260409a
100 1# - MAIN ENTRY--PERSONAL NAME
Personal name Sobol, Blanca
245 10 - TITLE STATEMENT
Title Características de la estructura ocupacional en la Región NEA en el período 2003-2006
773 0# - HOST ITEM ENTRY
Title Revista de estudios regionales y mercado de trabajo
Related parts - N° 3 (ene./dic. 2007)
Record control number REV44894

No hay ítems disponibles.